书目信息 |
| 题名: |
诺贝尔文学奖获奖作家微型小说精品
|
|
| 作者: | 余致力 编 | |
| 分册: | ||
| 出版信息: | 南昌 百花洲文艺出版社 1996.03 |
|
| 页数: | 301页 | |
| 开本: | 32开 | |
| 丛书名: | ||
| 单 册: | ||
| 中图分类: | ||
| 科图分类: | ||
| 主题词: | 小说--作品集--世界 | |
| 电子资源: | ||
| ISBN: | 7-80579-725-0 | |
| 000 | 00624nam0 2200205 45 | |
| 001 | 9909271506 | |
| 005 | 20001202105945.4 | |
| 010 | @a7-80579-725-0@d12.30元 | |
| 100 | @a19990927d1996 km y0chiy0120 ea | |
| 101 | @achi | |
| 105 | @a z 000yy | |
| 200 | 1 | @a诺贝尔文学奖获奖作家微型小说精品@ANuo Bei Er WenXue Jiang Huo Jiang Zuo Jia Wei Xing Xiao Shuo Jing Pin@f余致力编@FYu Zhi Li Bian |
| 210 | @a南昌@c百花洲文艺出版社@d1996.03 | |
| 215 | @a301页@d32开 | |
| 606 | 0 | @a小说@x作品集@x世界 |
| 690 | @v3 | |
| 690 | @aI14@v3 | |
| 701 | @a余致力@4编 | |
| 801 | @aCN@bPFTUser@c19990927 | |
| 905 | @dI14@eY467@b509778-782@f5 | |
| 诺贝尔文学奖获奖作家微型小说精品/余致力编.-南昌:百花洲文艺出版社,1996.03 |
| 301页;32开 |
| ISBN 7-80579-725-0:12.30元 |
| ● |
| 相关链接 |
|
|
|
正题名:诺贝尔文学奖获奖作家微型小说精品
索取号:I14/Y467
 
预约/预借
| 序号 | 登录号 | 条形码 | 馆藏地/架位号 | 状态 | 备注 |
| 1 | 509778 | 205097786 | 文学库108/ [索取号:I14/Y467] | 在馆 | |
| 2 | 509779 | 205097795 | 文学库108/108文学库 4排2列5层/ [索取号:I14/Y467] | 在馆 | |
| 3 | 509780 | 205097802 | 文学库108/108文学库 4排2列5层/ [索取号:I14/Y467] | 在馆 | |
| 4 | 509781 | 205097811 | 文学库108/108文学库 4排2列5层/ [索取号:I14/Y467] | 在馆 | |
| 5 | 509782 | 205097820 | 文学库108/ [索取号:I14/Y467] | 在馆 |